000
00279 a2200121 4500
001
92403
082
_a
891.4393 FAK
090
_c
44373
_d
44374
100
_a
Fakhira Jabeen
245
_a
Bahar Aaney Tak
260
_a
Lahore
_b
Al-Quresh Publications
_c
2013
300
_a
365p.
942
_a
CAE NUST
_k
891.4393 FAK
999
_c
327476
_d
327476